000
00209 a2200097 4500
001
8813
100
_a
Sutherland J
245
_a
The oxford book of english talk
260
_a
_b
Oxford
_c
090
_c
7053
_d
7053
942
_a
NUST-CAE
_c
M
_c
33660
999
_c
243886
_d
243886